000 01881nam a2200265 i 4500
003 DO-SdBNP
005 20250527145528.0
007 ta
008 250527b2024 dr ||||| |||| 00| 0 spa d
020 _a9789945637526
040 _aDO-SdBNP
_bspa
_cBNPHU
_erda
082 _axxxx
_bZ26
_222
100 1 _aZamparelli, María
_eautora
_4aut.
_987323
245 1 0 _aUnjú :
_b[novela de crónicas sub urbanas en el Caribe]
_cMaría Zamparelli
264 _aSan Juan, Puerto Rico :
_bEditorial Isla Negra,
_bLectura editorial,
_c2024.
300 _a102 páginas ;
_c22 cm.
336 _atexto
_btxt
_2rdacontent
337 _asin mediación
_bn
_2rdamedia
338 _avolumen
_bnc
_2rdacarrier
500 _aIncluye datos biografícos de la autora en la solapa de la portada.
520 _aSi bien es cierto que María Zamparelli tiene acostumbrados a sus lectores a las novelas situadas en el siglo XV, lo que pudiéramos llamar el primer imperio en el Caribe, en esta nueva entrega nos ofrece la historia de una dinastía de estadounidenses, cazadores de influencias y negocios, quienes llegaron a la isla a partir de la invasión de 1898. La saga comienza con Henry T. Johnston en la primera década del siglo XX, quien aprovechará la fluidez del gobierno provisional para agenciarse influencias y negocios. A él lo seguirán Tony, Axel, Gaby culminando en el 2023 con Dom Venturi. Cada uno de esos entrepreneurs ofrecerá un negocio redondo, una propuesta económica, como una panacea venida de un olimpo, que solucionará las carencias e injusticias que se sucederán, una tras otra, en la Isla. La autora narra en lenguaje coloquial, salpicado de humor, y en algunos casos, de cinismo e ironía, la incidencia de la casta de hombres a quienes Manuel Zeno Gandía sagazmente denominó redentores.
590 _aInventariado, 2025/ YL
910 _aYLockward
942 _2ddc
_cLBS1
999 _c58593
_d58593